Hansel & Gretel witch hunters (Record no. 18070)
[ view plain ]
| 000 -LEADER | |
|---|---|
| fixed length control field | 01449cgm a22003377a 4500 |
| 007 - PHYSICAL DESCRIPTION FIXED FIELD--GENERAL INFORMATION | |
| fixed length control field | vd cgaizm |
| 008 - FIXED-LENGTH DATA ELEMENTS--GENERAL INFORMATION | |
| fixed length control field | 140216t2013 xxk84 e |||| 0| vleng d |
| 020 ## - INTERNATIONAL STANDARD BOOK NUMBER | |
| International Standard Book Number | 5014437162731 |
| 082 04 - DEWEY DECIMAL CLASSIFICATION NUMBER | |
| Edition number | 22 |
| Classification number | 791.4372 |
| Item number | HAN |
| 245 00 - TITLE STATEMENT | |
| Title | Hansel & Gretel witch hunters |
| Medium | [videorecording] / |
| Statement of responsibility, etc | Paramount Pictures and Metro-Goldwyn-Mayer Pictures present ; a Gary Sanchez production ; produced by Will Ferrell ... [et al.] ; written and directed by Tommy Wirkola. |
| 246 30 - VARYING FORM OF TITLE | |
| Title proper/short title | Hansel and Gretel witch hunters |
| 260 ## - PUBLICATION, DISTRIBUTION, ETC. (IMPRINT) | |
| Place of publication, distribution, etc | [London] : |
| Name of publisher, distributor, etc | Paramount Home Entertainment, |
| Date of publication, distribution, etc | c.2013. |
| 300 ## - PHYSICAL DESCRIPTION | |
| Extent | 1 videodisc (84 min.) : |
| Other physical details | sd., col. ; |
| Dimensions | 4 3/4 in. |
| 508 ## - CREATION/PRODUCTION CREDITS NOTE | |
| Creation/production credits note | Director of photography Michael Bonvillain ; editor Jim Page ; music Atli Orvarsson. |
| 511 ## - PARTICIPANT OR PERFORMER NOTE | |
| Participant or performer note | Jeremy Renner, Gemma Arterton. |
| 521 ## - TARGET AUDIENCE NOTE | |
| Target audience note | Suitable only for persons of 12 years and over. |
| 650 #0 - SUBJECT ADDED ENTRY--TOPICAL TERM | |
| 9 (RLIN) | 35259 |
| Topical term or geographic name as entry element | Witches |
| Form subdivision | Drama |
| 650 #0 - SUBJECT ADDED ENTRY--TOPICAL TERM | |
| 9 (RLIN) | 35260 |
| Topical term or geographic name as entry element | Bounty hunters |
| Form subdivision | Drama |
| 653 ## - INDEX TERM--UNCONTROLLED | |
| -- | GGEN |
| -- | February2014 |
| 700 1# - ADDED ENTRY--PERSONAL NAME | |
| 9 (RLIN) | 35261 |
| Personal name | Arterton, Gemma, |
| Dates associated with a name | 1986- |
| 700 1# - ADDED ENTRY--PERSONAL NAME | |
| 9 (RLIN) | 35262 |
| Personal name | Renner, Jeremy, |
| Dates associated with a name | 1971- |
| 700 0# - ADDED ENTRY--PERSONAL NAME | |
| 9 (RLIN) | 35263 |
| Personal name | Atli Örvarsson |
| 700 1# - ADDED ENTRY--PERSONAL NAME | |
| 9 (RLIN) | 35264 |
| Personal name | Page, James |
| 700 1# - ADDED ENTRY--PERSONAL NAME | |
| 9 (RLIN) | 35265 |
| Personal name | Bonvillain, Michael |
| 700 1# - ADDED ENTRY--PERSONAL NAME | |
| 9 (RLIN) | 35266 |
| Personal name | Wirkola, Tommy, |
| Dates associated with a name | 1979- |
| 700 1# - ADDED ENTRY--PERSONAL NAME | |
| 9 (RLIN) | 35267 |
| Personal name | Ferrell, Will, |
| Dates associated with a name | 1967- |
| 710 2# - ADDED ENTRY--CORPORATE NAME | |
| 9 (RLIN) | 35268 |
| Corporate name or jurisdiction name as entry element | Gary Sanchez Productions (Firm) |
| 710 2# - ADDED ENTRY--CORPORATE NAME | |
| 9 (RLIN) | 25081 |
| Corporate name or jurisdiction name as entry element | Metro-Goldwyn-Mayer |
| 710 2# - ADDED ENTRY--CORPORATE NAME | |
| 9 (RLIN) | 35269 |
| Corporate name or jurisdiction name as entry element | Paramount Pictures Corporation (1914-1927) |
| 942 ## - ADDED ENTRY ELEMENTS (KOHA) | |
| Source of classification or shelving scheme | Dewey Decimal Classification |
| Item type | |
| Call number prefix | 791.4372 HAN |
| Withdrawn status | Lost status | Source of classification or shelving scheme | Damaged status | Not for loan | Koha collection | Home library | Current library | Shelving location | Date acquired | Source of acquisition | Total Checkouts | Full call number | Barcode | Date last seen | Koha item type |
|---|---|---|---|---|---|---|---|---|---|---|---|---|---|---|---|
| Dewey Decimal Classification | Baccah | Central Library | Central Library | Second Floor | 16/02/2014 | Purchase | 791.4372 HAN | 000035619 | 24/08/2022 | CD | DVD - Movie (NB) |